Martín Fierro
Salvato in:
| Autore principale: | |
|---|---|
| Natura: | Libro |
| Lingua: | spagnolo |
| Pubblicazione: |
Buenos Aires
EUDEBA
1986
|
| Soggetti: | |
| Tags: |
Aggiungi Tag
Nessun Tag, puoi essere il primo ad aggiungerne!!
|
MARC
| LEADER | 00000nam a2200000 a 4500 | ||
|---|---|---|---|
| 001 | UCX2638 | ||
| 003 | CL-VaPUC | ||
| 008 | 910715e19860000AG |||||||||||||||||spa|d | ||
| 082 | 0 | 4 | |a Ar861 |b HER |2 21 |
| 100 | 0 | |a Hernández, José |e author |9 313851 | |
| 245 | 1 | 0 | |a Martín Fierro |
| 300 | |a 158 p | ||
| 942 | |c BK | ||
| 945 | |d 19910715 00:00:00 | ||
| 260 | |a Buenos Aires |b EUDEBA |c 1986 | ||
| 500 | |a Incluye vocabulario Gauchesco | ||
| 650 | 0 | |a Poesía argentina |9 265575 | |
| 583 | |a last modification |c 19910715 00:00:00 |k Rodrigo Vera | ||
| 999 | |c 223617 |d 223615 | ||
| 952 | |0 0 |1 0 |4 0 |6 AR_861_000000000000000_HER_1986 |7 0 |8 A |9 219611 |a BIBEDU |b BIBEDU |d 2019-11-15 |i 2882957 |o Ar861 HER 1986 |p 2882957 |r 2019-11-15 |w 2019-11-15 |y BK |k LIT | ||